Responses for Show #1916 - Monday, December 28, 1992

Jack Mahoney game 2.

Contestants

[<< previous game]

Suzanne Adams, a registered nurse from Philadelphia, Pennsylvania

Kimberlyn Montford, a Ph.D. candidate from Hillside, New Jersey

Jack Mahoney, an actor originally from Newport, Rhode Island (whose 1-day cash winnings total $3,700)

[next game >>]

Jeopardy! Round responses

GEOGRAPHY
SPORTS
IN THE KITCHEN
MUSICAL INSTRUMENTS
MUSEUMS
THE ANCIENTS SPEAK
    $100 6
Greece

Jack
    $100 1
Muhammad Ali

Jack
    $100 13
a ladle

Jack
    $100 10
shake them

Suzanne
    $100 25
Beijing

Suzanne
    $100 15
the dead

Jack
    $200 7
Bangladesh

Jack
    $200 2
Lew Alcindor (Kareem Abdul-Jabbar)

Jack
    $200 20
the colander

Suzanne
    $200 11
the organ

Kimberlyn
    $200 26
Martin Luther

Kimberlyn
    $200 16
(Jack: What are acts?)

words

JackKimberlyn
    $300 8
Guam

Jack
    $300 3
Jack Nicklaus

Jack
    $300 21
olives

Jack
    $300 12
(Kimberlyn: What is Wales?)

Ireland

KimberlynSuzanne
    $300 27
Kingston

Kimberlyn
    $300 17
hope

Jack
    $400 9
Botany Bay

Kimberlyn
    $400 4
baseball

Jack
    $400 22
a whisk

Kimberlyn
    $400 23
pianoforte

Kimberlyn
    $400 28
Edison

Jack
    $400 18
(Jack: Uh, who is Homer?)

Virgil

JackKimberlyn
    $1,200 14
Chile & Argentina

Jack
    $500 5
(Alex: You ran the category.)
[Applause]
(Alex: But there are no more sports categories up there.)
(Jack: I'm sorry to see that, yes.)

tuck

Jack
    $500 30
to sharpen your knives

Triple Stumper
    $500 24
the ukulele

Kimberlyn
    $500 29
Oklahoma

Suzanne
    $500 19
Euclid

Suzanne

Scores at the first commercial break (after clue 14):

Jack Kimberlyn Suzanne
$3,400 $300 $400

Scores at the end of the Jeopardy! Round:

Jack Kimberlyn Suzanne
$3,900 $2,700 $1,700

Double Jeopardy! Round responses

THE 20th CENTURY
WORLD RELIGION
WOMEN AUTHORS
DOGS
LABOR
U.S. PRESIDENTS
    $200 2
the Berlin Wall

Jack
    $200 22
Easter

Jack
    $200 1
Harper Lee

Jack
    $200 12
the Dalmatian

Suzanne
    $200 18
(Jack: [Bows head])
(Kimberlyn: Uh, what is Cincinnati?)

Akron

JackKimberlyn
Triple Stumper
    $200 10
Stephen Grover Cleveland

Jack
    $400 3
the Warsaw Pact

Jack
    $400 23
Hinduism

Jack
    $400 7
Anne Morrow Lindbergh

Suzanne
    $400 14
points

Jack
    $400 19
(Jack: Uh, what is the shipping industry?)

the railroad industry

Jack
Triple Stumper
    $400 11
(Kimberlyn: Who is Roosevelt?)
(Alex: Be more specific.)

Theodore Roosevelt

Kimberlyn
    $600 4
Nasser

Suzanne
    $600 24
Zionism

Kimberlyn
    $600 8
Isak Dinesen

Jack
    $600 29
Terrier

Kimberlyn
    $600 20
Cesar Chavez

Jack
    $600 15
Woodrow Wilson

Jack
    $800 5
the Nautilus

Jack
    $1,700 25
enlightened

Kimberlyn
    $800 9
(Kimberlyn: Who is Agatha Christie?)
(Suzanne: Who is Sara Paretsky?)

Sue Grafton

JackKimberlynSuzanne
    $800 28
Papillon

Kimberlyn
    $800 21
the United Auto Workers

Triple Stumper
    $800 16
(Suzanne: Who is McKinley?)

Garfield

JackSuzanne
    $1000 6
Olof Palme

Suzanne
    $1000 26
beatified

Kimberlyn
    $2,000 13
Pearl S. Buck

Suzanne
    $1000 27
Cocker Spaniel

Triple Stumper
    $1000 30
(Alex: There's a great film about him; it was called The Ballad of [*].)

Joe Hill

Triple Stumper
    $1000 17
Hiram

Jack

Scores at the end of the Double Jeopardy! Round:

Jack Kimberlyn Suzanne
$10,500 $6,800 $4,300

[wagering suggestions for these scores]

Final Jeopardy! Round responses

LANGUAGES
(Alex: [Before the player responses] The English, the French, the Dutch, the Germans, the Portuguese, all came later.)
SuzanneWhat is English?
$3,000
KimberlynWhat is, Arabic?
$100
JackWhat is Dutch?
$3,101
Arabic

Final scores:

Jack Kimberlyn Suzanne
$7,399 $6,900 $1,300
2-day champion: $11,099 2nd place: trip on Delta to Montreal & stay at the Ritz-Carlton 3rd place: Ericsson cellular phone + Wheel of Fortune & Jeopardy! for Super Nintendo Entertainment System & Sega Genesis

Game dynamics:

Coryat scores:

Jack Kimberlyn Suzanne
$9,800 $5,900 $3,300
28 R
(including 1 DD),
4 W
15 R
(including 1 DD),
3 W
11 R
(including 1 DD),
2 W

Combined Coryat: $19,000

[game clues] [game scores] [suggest correction]

Game tape date: 1992-09-15
The J! Archive is created by fans, for fans. Scraping, republication, monetization, and malicious use prohibited; this site may use cookies and collect identifying information. See terms. The Jeopardy! game show and all elements thereof, including but not limited to copyright and trademark thereto, are the property of Jeopardy Productions, Inc. and are protected under law. This website is not affiliated with, sponsored by, or operated by Jeopardy Productions, Inc. Join the discussion at JBoard.tv.